000
00303nam a22001337a 4500
008
170522b xxu||||| |||| 00| 0 eng d
020
_a
x0009eotdh
041
_a
eng
080
_a
94
100
_a
16
101
_a
SHH
245
_a
THE WEB OF SOUTHERN SOCIAL RELATIONS
_c
FRASER, W.J
942
_2
udc
_c
BK
999
_c
13605
_d
13605